Gaming Quiz

Random Gaming or Pokémon Quiz

Pokemon Mash-Up Quiz Stats

 Plays Quiz not verified by Sporcle

Challenge
Share
Tweet
pokemon mash up
Score 0/24 Timer 03:00
0 Plays Today
Number Pokemon % Correct
2Pikachu
97.7%
1Diglett
96.1%
2Voltorb
96%
2Lapras
96%
2Zubat
95.1%
3Mankey
94.8%
1Grimer
93.3%
1Magnemite
93.2%
3Tangela
93%
4Oddish
92.7%
1Venusaur
92.2%
3Hitmonlee
92.2%
Number Pokemon % Correct
5Geodude
91.7%
6Jigglypuff
91.7%
6Pinsir
87.8%
4Butterfree
87.5%
4Electabuzz
85.9%
3Haunter
85.4%
4Poliwag
85.4%
6Tauros
82.4%
5Arbok
74.3%
5Exeggutor
68.6%
5Bellsprout
56.6%
6Caterpie
20.7%

You're not logged in!

Compare scores with friends on all Sporcle quizzes.
Join for Free
OR
Log In

You Might Also Like...

Show Comments

Extras

Top Quizzes Today


Score Distribution

Your Account Isn't Verified!

In order to create a playlist on Sporcle, you need to verify the email address you used during registration. Go to your Sporcle Settings to finish the process.

Report this User

Report this user for behavior that violates our Community Guidelines.

Details: